00560nam a2200193 a 450000100060000000300080000600500170001400800410003103500190007204000270009104100080011808200240012610000310015024500600018126000450024130000260028650400300031265000240034257598BD-RjUL20211209080531.0161210s1968 mau b 000 0 eng  a(BD-RjUL)57722 aDLCcDLCdBD-RjULbeng aeng00a511.8223bRAL 19681 aRashevsky, Nicolas,d1899-10aLooking at history through mathematics /cN. Rashevsky. aCambridge, Mass. :bM.I.T. Press, c1968 axvi, 199 p. ;c21 cm. aBibliography: p. 180-183. 0aMathematical models